MARC

LEADER 00000nam0a2200000 4500
001 276626
005 20231101234934.0
020 |a RU  |b 85-76974 
035 |a (RuTPU)RU\TPU\book\299899 
090 |a 276626 
100 |a 20141125d1985 k y0rusy5003 ca 
101 0 |a rus 
102 |a RU 
105 |a a z 000zy 
200 1 |a Стратиграфия позднего докембрия и раннего палеозоя Сибирской платформы  |e сборник научных трудов  |f Всесоюзный нефтяной научно-исследовательский геологоразведочный институт (ВНИГРИ) ; под ред. М. Л. Кокоулина 
210 |a Ленинград  |c Изд-во ВНИГРИ  |d 1985 
215 |a 138 с.  |c ил. 
606 1 |a Докембрий  |2 stltpush  |3 (RuTPU)RU\TPU\subj\67322  |9 83166 
610 1 |a докембрийские отложения 
610 1 |a палеозойские отложения 
610 1 |a стратиграфия 
610 1 |a Сибирская платформа 
610 1 |a нефтегазоносные отложения 
610 1 |a кембрийская система 
675 |a 551.71/.72  |z rus  |v 3 
702 1 |a Кокоулин  |b М. Л.  |4 340 
712 0 2 |a Всесоюзный нефтяной научно-исследовательский геологоразведочный институт (ВНИГРИ)  |c (Ленинград)  |c (1929-1991)  |2 stltpush  |3 (RuTPU)RU\TPU\col\7662 
801 0 |a RU  |b RuMRKP  |c 19950704  |g psbo 
801 1 |a RU  |b 63413507  |c 20141125 
801 2 |a RU  |b 63413507  |c 20170404  |g RCR 
942 |c BK